000 00864nam a2200265 i 4500
001 19976
003 ES-MaACL
005 20230906152215.0
007 t|
008 020715s2001 sp |||| | spa j
020 _a84-339-6153-5
080 _a82-3.09"18/19"
080 _a028.01(0:82)
100 1 _aCatelli, Nora.
_937055
245 1 0 _aTestimonios tangibles
_b: pasión y extinción de la lectura en la narrativa moderna /
_cNora Catelli.
260 _aBarcelona :
_bAnagrama,
_c[2001]
300 _a209 p. ;
_c22 cm.
490 1 _aColección Argumentos ;
_v262
650 1 4 _aNovela-
_yS.XIX-
_xHistoria y crítica.
_9167624
650 1 4 _aNovela-
_yS.XX-
_xHistoria y crítica.
_915605
650 4 _aLibros y lectura-
_xEn la literatura.
_9158464
830 0 _aColección Argumentos ;
_v262
_9178071
852 _aES-MaACL
_jL-25980
999 _c19976
_d19976